Charlton and Charlton v Northern Structural Services Ltd (Record no. 80251)
[ view plain ]
| 000 -LEADER | |
|---|---|
| fixed length control field | 01804cad a22002055a 4500 |
| 001 - CONTROL NUMBER | |
| control field | L143670 |
| 008 - FIXED-LENGTH DATA ELEMENTS--GENERAL INFORMATION | |
| fixed length control field | 080523e20080208xxk f v 000 0 eng d |
| 035 ## - SYSTEM CONTROL NUMBER | |
| System control number | (Sirsi) u143670 |
| 041 0# - LANGUAGE CODE | |
| Language code of text/sound track or separate title | eng |
| 245 00 - TITLE STATEMENT | |
| Title | Charlton and Charlton v Northern Structural Services Ltd |
| Medium | [electronic resource] |
| 260 ## - PUBLICATION, DISTRIBUTION, ETC. | |
| Date of publication, distribution, etc. | 2008 |
| 520 ## - SUMMARY, ETC. | |
| Summary, etc. | [2008] EWHC 66 (TCC), 8 February 2008. Considers the extent to which professional negligence may be remedied by a claim for damages. The claimants (C) purchased a property together. Prior to purchasing, the valuation report had shown that there was some cracking in the house and drain pipes. As a result it was a condition of their mortgage agreement that they have the cracks investigated and reported on by a structural engineer. They employed the defendant (N) to perform this. N recommended the removal of a number of trees close to the property. C removed the trees, but after C performed this there was structural movement and further cracking. C employed another valuer who was of the opinion that the tree removal had caused the additional cracking, and the correct procedure would have been pruning and management. "Held": The structural movement and additional cracking was caused by clay heave as a result of C following N's advice. The stigma attached to the property as a result of this had significantly reduced its value. Damages awarded to C. |
| 590 ## - LOCAL NOTE (RLIN) | |
| Local note | KA |
| 650 24 - SUBJECT ADDED ENTRY--TOPICAL TERM | |
| Topical term or geographic name entry element | CHARLTON AND CHARLTON V NORTHERN STRUCTURAL SERVICES LTD |
| 651 #4 - SUBJECT ADDED ENTRY--GEOGRAPHIC NAME | |
| Geographic name | England and Wales |
| Chronological subdivision | 1543- |
| 690 ## - LOCAL SUBJECT ADDED ENTRY--TOPICAL TERM (OCLC, RLIN) | |
| Topical term or geographic name as entry element | MANAGEMENT-BUSINESS MANAGEMENT-PROFESSIONAL PRACTICE-NEGLIGENCE |
| 690 ## - LOCAL SUBJECT ADDED ENTRY--TOPICAL TERM (OCLC, RLIN) | |
| Topical term or geographic name as entry element | BUILT ENVIRONMENT-BUILDING INSPECTION-STRUCTURAL SURVEYING |
| 856 40 - ELECTRONIC LOCATION AND ACCESS | |
| Uniform Resource Identifier | <a href="https://www.bailii.org/ew/cases/EWHC/TCC/2008/66.html">https://www.bailii.org/ew/cases/EWHC/TCC/2008/66.html</a> |
| Public note | View the judgment free of charge at www.bailii.org... |
| 942 ## - ADDED ENTRY ELEMENTS (KOHA) | |
| Suppress in OPAC | 0 |
| Withdrawn status | Lost status | Source of classification or shelving scheme | Damaged status | Not for loan | Home library | Current library | Shelving location | Date acquired | Total Checkouts | Full call number | Barcode | Date last seen | Copy number | Price effective from | Koha item type |
|---|---|---|---|---|---|---|---|---|---|---|---|---|---|---|---|
| Dewey Decimal Classification | Virtual | Virtual | Online | 23/05/2008 | ONLINE PUBLICATION | 143670-1001 | 06/08/2019 | 1 | 06/08/2019 | Journal article |